Thinking globally : (Record no. 346852)
[ view plain ]
| 000 -LEADER | |
|---|---|
| fixed length control field | 01068 a2200181 4500 |
| 020 ## - INTERNATIONAL STANDARD BOOK NUMBER | |
| International Standard Book Number | 0070533989 (paperback) |
| 020 ## - INTERNATIONAL STANDARD BOOK NUMBER | |
| International Standard Book Number | 9780070533981 (paperback) |
| 082 04 - DEWEY DECIMAL CLASSIFICATION NUMBER | |
| Classification number | 808.0427 |
| 090 ## - LOCALLY ASSIGNED LC-TYPE CALL NUMBER (OCLC); LOCAL CALL NUMBER (RLIN) | |
| -- | 4408 |
| -- | 4408 |
| 100 1# - MAIN ENTRY--PERSONAL NAME | |
| Personal name | Robson, Andrew E. |
| 245 10 - TITLE STATEMENT | |
| Title | Thinking globally : |
| Remainder of title | writing and reading across the curriculum / |
| Statement of responsibility, etc. | Andrew E Robson. |
| 250 ## - EDITION STATEMENT | |
| Edition statement | 1st ed. |
| 260 ## - PUBLICATION, DISTRIBUTION, ETC. | |
| Place of publication, distribution, etc. | [S.l.] : |
| Name of publisher, distributor, etc. | McGraw-Hill Humanities/Social Sciences/Languages, |
| Date of publication, distribution, etc. | 1997. |
| 300 ## - PHYSICAL DESCRIPTION | |
| Extent | 672 p. ; |
| Dimensions | 19 cm. |
| 520 ## - SUMMARY, ETC. | |
| Summary, etc. | This innovative reader takes a content-based and global approach to writing-across-the-curriculum. Recognizing that composition courses are the natural place in the college curriculum for the disciplines to meet, THINKING GLOBALLY offers students a variety of exciting opportunities to read and write about substantial and challenging essays from a wide range of disciplines. The text also features comprehensive treatment of writing and research concerns. |
| 856 40 - ELECTRONIC LOCATION AND ACCESS | |
| Materials specified | Amazon.com |
| Uniform Resource Identifier | <a href="http://www.amazon.com/exec/obidos/ASIN/0070533989/chopaconline-20">http://www.amazon.com/exec/obidos/ASIN/0070533989/chopaconline-20</a> |
| 942 ## - ADDED ENTRY ELEMENTS (KOHA) | |
| Institution code [OBSOLETE] | NBS |
| Koha item type | Book |
| Call number prefix | 808.4207 ROB |
| Withdrawn status | Lost status | Damaged status | Not for loan | Permanent Location | Current Location | Date acquired | Total Checkouts | Full call number | Barcode | Date last seen | Price effective from | Koha item type |
|---|---|---|---|---|---|---|---|---|---|---|---|---|
| Central Library (CL) | Central Library (CL) | 08/28/2013 | 808.4207 ROB | NBS4680 | 08/28/2013 | 08/28/2013 | Book |
